{"text_format":"3","workbook":"xlsx","n_sheets":1,"sheets":["表-08 分部分项工程和单价措施项目清单与计价表"],"read":"whole","date_system":"1900"}

{"sheet":"表-08 分部分项工程和单价措施项目清单与计价表","index":0,"n_rows":68,"n_cols":12,"rows_kept":68,"merged":[[1,1,1,11],[2,1,4,1],[2,2,4,2],[2,3,4,3],[2,4,4,4],[2,5,4,5],[2,6,4,6],[2,7,2,10],[2,11,4,11],[3,7,3,8],[3,9,3,10],[65,1,65,6],[65,7,65,8],[65,9,65,10],[66,1,66,8],[66,9,66,10],[67,1,67,8],[67,9,67,10]]}
[]
[null,"报价表"]
[null,"序号","项目名称","项目编码","项目特征描述","计量单位","工程量","金额（元）",{"$nulls":3},"备注"]
[{"$nulls":7},"限价",null,"报价"]
[{"$nulls":7},"不含税单价","不含税合价","不含税单价","不含税合价"]
[null,1,"烧结普通砖（材料费）","01C001","[项目特征]\n1.材料名称:烧结普通砖240*115*53\n2.其他:满足设计、规范及比选人要求\n[工作内容]\n1.材料运输\n2.材料采购","匹",7500,1.35,10125]
[null,2,"水泥 PO32.5（材料费）","01C002","[项目特征]\n1.材料名称:水泥 32.5\n2.其他:满足设计、规范及比选人要求\n[工作内容]\n1.材料运输\n2.材料采购","t",77.915,478.96,37318.17]
[null,3,"水泥 PO42.5（材料费）","01C023","[项目特征]\n1.材料名称:水泥 42.5\n2.其他:满足设计、规范及比选人要求\n[工作内容]\n1.材料运输\n2.材料采购","t",0.3,519.6,155.88]
[null,4,"砂（材料费）","01C003","[项目特征]\n1.材料名称:砂（综合考虑）\n2.其他:满足设计、规范及比选人要求\n[工作内容]\n1.材料运输\n2.材料采购","m3",149.25,94.78,14145.92]
[null,5,"钢筋C14（材料费）","01C004","[项目特征]\n1.材料名称:HRB4000E C14\n2.其他:满足设计、规范及招标人要求\n[工作内容]\n1.材料运输\n2.材料采购","t",57.899,4829.13,279601.8]
[null,6,"钢筋C18（材料费）","01C005","[项目特征]\n1.材料名称:HRB400E C18\n2.其他:满足设计、规范及比选人要求\n[工作内容]\n1.材料运输\n2.材料采购","t",2,4844.04,9688.08]
[null,7,"钢筋A14（材料费）","01C006","[项目特征]\n1.材料名称:HPB300 A14\n2.其他:满足设计、规范及比选人要求\n[工作内容]\n1.材料运输\n2.材料采购","t",3.741,5042.83,18865.23]
[null,8,"钢筋A8（材料费）","01C007","[项目特征]\n1.材料名称:HPB300 A8\n2.其他:满足设计、规范及比选人要求\n[工作内容]\n1.材料运输\n2.材料采购","t",6.299,5042.83,31764.79]
[null,9,"钢筋A12（材料费）","01C013","[项目特征]\n1.材料名称:HPB300 A12\n2.其他:满足设计、规范及比选人要求\n[工作内容]\n1.材料运输\n2.材料采购","t",0.5,5042.83,2521.42]
[null,10,"钢筋C16（材料费）","01C008","[项目特征]\n1.材料名称:HRB400E C16\n2.其他:满足设计、规范及比选人要求\n[工作内容]\n1.材料运输\n2.材料采购","t",1.758,4808.29,8452.97]
[null,11,"钢筋C8（材料费）","01C009","[项目特征]\n1.材料名称:HRB400E C8\n2.其他:满足设计、规范及比选人要求\n[工作内容]\n1.材料运输\n2.材料采购","t",0.471,4857.24,2287.76]
[null,12,"PSB930高强精轧螺纹钢（材料费）","01C010","[项目特征]\n1.材料名称:PSB930高强精轧螺纹钢，M20*400\n2.其他:满足设计、规范及比选人要求\n[工作内容]\n1.材料运输\n2.材料采购","套",818,15,12270]
[null,13,"钢筋C20（材料费）","01C011","[项目特征]\n1.材料名称:HRB400E C20\n2.其他:满足设计、规范及比选人要求\n[工作内容]\n1.材料运输\n2.材料采购","t",1.33,4844.04,6442.57]
[null,14,"单扇套装平开实木门 M0921（材料费）","01C014","[项目特征]\n1.材料名称:单扇套装平开实木门 M0921\n2.其他:满足设计、规范及比选人要求\n[工作内容]\n1.材料运输\n2.材料采购","樘",56,1341.75,75138]
[null,15,"塑钢门 M0921（材料费）","01C015","[项目特征]\n1.材料名称:塑钢门 M0921\n2.其他:满足设计、规范及比选人要求\n[工作内容]\n1.材料运输\n2.材料采购","樘",14,682.42,9553.88]
[null,16,"单扇套装平开实木门 M1021（材料费）","01C016","[项目特征]\n1.材料名称:单扇套装平开实木门 M1021\n2.其他:满足设计、规范及比选人要求\n[工作内容]\n1.材料运输\n2.材料采购","樘",9,1490.83,13417.47]
[null,17,"钢制防盗门M1221（材料费）","01C017","[项目特征]\n1.材料名称:钢制防盗门 M1221\n2.其他:满足设计、规范及比选人要求\n[工作内容]\n1.材料运输\n2.材料采购","樘",14,1668.12,23353.68]
[null,18,"双扇套装平开实木门 M1521（材料费）","01C018","[项目特征]\n1.材料名称:双扇套装平开实木门 M1521\n2.其他:满足设计、规范及比选人要求\n[工作内容]\n1.材料运输\n2.材料采购","樘",2,2236.25,4472.5]
[null,19,"藏式彩板钢门 M1524（材料费）","01C019","[项目特征]\n1.材料名称:藏式彩板钢门 M1524\n2.其他:满足设计、规范及比选人要求\n[工作内容]\n1.材料运输\n2.材料采购","樘",14,2383.03,33362.42]
[null,20,"地砖800*800（材料费）","01C020","[项目特征]\n1.材料名称:地砖800*800\n2.其他:满足设计、规范及比选人要求\n[工作内容]\n1.材料运输\n2.材料采购","块",1500,66.44,99660]
[null,21,"复合木地板（材料费）","01C021","[项目特征]\n1.材料名称:复合木地板\n2.其他:满足设计、规范及比选人要求\n[工作内容]\n1.材料运输\n2.材料采购","m2",1400,170.71,238994]
[null,22,"木质踢脚线（材料费）","01C064","[项目特征]\n1.材料名称:木质踢脚线\n2.其他:满足设计、规范及比选人要求\n[工作内容]\n1.材料运输\n2.材料采购","m",1141.91,22.97,26229.67]
[null,23,"防滑地砖300*300（材料费）","01C022","[项目特征]\n1.材料名称:防滑地砖300*300\n2.其他:满足设计、规范及比选人要求\n[工作内容]\n1.材料运输\n2.材料采购","块",2300,6.33,14559]
[null,24,"隔热断桥铝合金门（材料费）","01C024","[项目特征]\n1.材料名称:隔热断桥铝合金门\n2.其他:满足设计、规范及比选人要求\n[工作内容]\n1.材料运输\n2.材料采购","m2",30.66,788,24160.08]
[null,25,"成品腻子粉（材料费）","01C026","[项目特征]\n1.材料名称:成品腻子粉\n2.其他:满足设计、规范及比选人要求\n[工作内容]\n1.材料运输\n2.材料采购","kg",10056.45,2.53,25442.82]
[null,26,"乳胶漆（材料费）","01C027","[项目特征]\n1.材料名称:乳胶漆\n2.其他:满足设计、规范及比选人要求\n[工作内容]\n1.材料运输\n2.材料采购","kg",1873.75,10.95,20517.56]
[null,27,"墙面砖300*600（材料费）","01C028","[项目特征]\n1.材料名称:墙面砖300*600\n2.其他:满足设计、规范及比选人要求\n[工作内容]\n1.材料运输\n2.材料采购","块",5500,17.2,94600]
[null,28,"60厚挤塑聚苯板（B1级）（材料费）","01C029","[项目特征]\n1.材料名称:60厚挤塑聚苯板（B1级）\n2.其他:满足设计、规范及比选人要求\n[工作内容]\n1.材料运输\n2.材料采购","m2",500,50.06,25030]
[null,29,"水性封闭底漆（材料费）","01C030","[项目特征]\n1.材料名称:水性封闭底漆\n2.其他:满足设计、规范及比选人要求\n[工作内容]\n1.材料运输\n2.材料采购","kg",854.24,27.02,23081.56]
[null,30,"真石漆（材料费）","01C031","[项目特征]\n1.材料名称:真石漆\n2.其他:满足设计、规范及比选人要求\n[工作内容]\n1.材料运输\n2.材料采购","kg",10087.99,13.36,134775.55]
[null,31,"罩面漆（材料费）","01C032","[项目特征]\n1.材料名称:罩面漆\n2.其他:满足设计、规范及比选人要求\n[工作内容]\n1.材料运输\n2.材料采购","kg",854.24,48.96,41823.59]
[null,32,"刚性阻燃管PC25（材料费）","01C033","[项目特征]\n1.材料名称:刚性阻燃管PC25\n2.其他:满足设计、规范及比选人要求\n[工作内容]\n1.材料运输\n2.材料采购","m",891.33,2.22,1978.75]
[null,33,"刚性阻燃管PC20（材料费）","01C039","[项目特征]\n1.材料名称:刚性阻燃管PC20\n2.其他:满足设计、规范及比选人要求\n[工作内容]\n1.材料运输\n2.材料采购","m",159,1.28,203.52]
[null,34,"刚性阻燃管PC32（材料费）","01C035","[项目特征]\n1.材料名称:刚性阻燃管PC32\n2.其他:满足设计、规范及比选人要求\n[工作内容]\n1.材料运输\n2.材料采购","m",1077.47,3.3,3555.65]
[null,35,"镀锌钢管SC25（材料费）","01C037","[项目特征]\n1.材料名称:镀锌钢管SC25\n2.其他:满足设计、规范及比选人要求\n[工作内容]\n1.材料运输\n2.材料采购","m",466.75,27.2,12695.6]
[null,36,"铜芯塑料绝缘软电线BVR-4mm2（材料费）","01C038","[项目特征]\n1.材料名称:铜芯塑料绝缘软电线BVR-4mm2\n2.其他:满足设计、规范及比选人要求\n[工作内容]\n1.材料运输\n2.材料采购","m",90.72,4.11,372.86]
[null,37,"PVC接线盒（材料费）","01C040","[项目特征]\n1.材料名称:PVC接线盒\n2.其他:满足设计、规范及比选人要求\n[工作内容]\n1.材料运输\n2.材料采购","个",152,2.41,366.32]
[null,38,"电视插座（材料费）","01C041","[项目特征]\n1.材料名称:电视插座\n2.其他:满足设计、规范及比选人要求\n[工作内容]\n1.材料运输\n2.材料采购","个",63,37.76,2378.88]
[null,39,"电话插座（材料费）","01C042","[项目特征]\n1.材料名称:电话插座\n2.其他:满足设计、规范及比选人要求\n[工作内容]\n1.材料运输\n2.材料采购","个",35,29.4,1029]
[null,40,"网络插座（材料费）","01C043","[项目特征]\n1.材料名称:网络插座\n2.其他:满足设计、规范及比选人要求\n[工作内容]\n1.材料运输\n2.材料采购","个",39,35.13,1370.07]
[null,41,"8芯光纤线（材料费）","01C044","[项目特征]\n1.材料名称:8芯光纤线\n2.其他:满足设计、规范及比选人要求\n[工作内容]\n1.材料运输\n2.材料采购","m",232,1.36,315.52]
[null,42,"4芯光纤线（材料费）","01C055","[项目特征]\n1.材料名称:4芯光纤线\n2.其他:满足设计、规范及比选人要求\n[工作内容]\n1.材料运输\n2.材料采购","m",20,1.16,23.2]
[null,43,"闭路线SYWV-75-5（材料费）","01C045","[项目特征]\n1.材料名称:闭路线SYWV-75-5\n2.其他:满足设计、规范及比选人要求\n[工作内容]\n1.材料运输\n2.材料采购","m",679,3.86,2620.94]
[null,44,"电话线UTPCat.6（材料费）","01C046","[项目特征]\n1.材料名称:电话线UTPCat.6\n2.其他:满足设计、规范及比选人要求\n[工作内容]\n1.材料运输\n2.材料采购","m",465.05,3.05,1418.4]
[null,45,"网线UTPCat.6（材料费）","01C047","[项目特征]\n1.材料名称:网线UTPCat.6\n2.其他:满足设计、规范及比选人要求\n[工作内容]\n1.材料运输\n2.材料采购","m",482.35,3.05,1471.17]
[null,46,"镀锌扁钢（材料费）","01C048","[项目特征]\n1.材料名称:镀锌扁钢\n2.其他:满足设计、规范及比选人要求\n[工作内容]\n1.材料运输\n2.材料采购","kg",1845.52,9.25,17071.06]
[null,47,"等电位端子箱MEB（材料费）","01C049","[项目特征]\n1.材料名称:等电位端子箱MEB\n2.其他:满足设计、规范及比选人要求\n[工作内容]\n1.材料运输\n2.材料采购","个",6,175.71,1054.26]
[null,48,"PPR-25给水管（材料费）","01C050","[项目特征]\n1.材料名称:PPR-25给水管\n2.其他:满足设计、规范及比选人要求\n[工作内容]\n1.材料运输\n2.材料采购","m",50.32,6.1,306.95]
[null,49,"UPVC-100排水管（材料费）","01C051","[项目特征]\n1.材料名称:UPVC-100排水管\n2.其他:满足设计、规范及比选人要求\n[工作内容]\n1.材料运输\n2.材料采购","m",140,24.2,3388]
[null,50,"UPVC-75排水管（材料费）","01C060","[项目特征]\n1.材料名称:UPVC-75排水管\n2.其他:满足设计、规范及比选人要求\n[工作内容]\n1.材料运输\n2.材料采购","m",20,11.27,225.4]
[null,51,"UPVC-50排水管（材料费）","01C061","[项目特征]\n1.材料名称:UPVC-50排水管\n2.其他:满足设计、规范及比选人要求\n[工作内容]\n1.材料运输\n2.材料采购","m",20,6.43,128.6]
[null,52,"镀锌钢管SC40（材料费）","01C052","[项目特征]\n1.材料名称:镀锌钢管SC40\n2.其他:满足设计、规范及比选人要求\n[工作内容]\n1.材料运输\n2.材料采购","m",31.27,40.8,1275.82]
[null,53,"镀锌钢管SC20（材料费）","01C053","[项目特征]\n1.材料名称:镀锌钢管SC20\n2.其他:满足设计、规范及比选人要求\n[工作内容]\n1.材料运输\n2.材料采购","m",36.05,20.4,735.42]
[null,54,"监控摄像机（材料费）","01C054","[项目特征]\n1.材料名称:监控摄像机\n2.其他:满足设计、规范及比选人要求\n[工作内容]\n1.材料运输\n2.材料采购","套",1,420,420]
[null,55,"SYV-75-5（材料费）","01C056","[项目特征]\n1.材料名称:SYV-75-5\n2.其他:满足设计、规范及比选人要求\n[工作内容]\n1.材料运输\n2.材料采购","m",40.4,3.77,152.31]
[null,56,"RVV-2*2.5（材料费）","01C057","[项目特征]\n1.材料名称:RVV-2*2.5\n2.其他:满足设计、规范及比选人要求\n[工作内容]\n1.材料运输\n2.材料采购","m",43.2,6.41,276.91]
[null,57,"水表DN20（材料费）","01C058","[项目特征]\n1.材料名称:水表DN20\n2.其他:满足设计、规范及比选人要求\n[工作内容]\n1.材料运输\n2.材料采购","套",1,55,55]
[null,58,"PPR-20给水管（材料费）","01C059","[项目特征]\n1.材料名称:PPR-20给水管\n2.其他:满足设计、规范及比选人要求\n[工作内容]\n1.材料运输\n2.材料采购","m",20.32,4.95,100.58]
[null,59,"钢丝网骨架塑料复合管(DN300)（材料费）","01C062","[项目特征]\n1.材料名称:钢丝网骨架塑料复合管(DN300)\n2.其他:满足设计、规范及比选人要求\n[工作内容]\n1.材料运输\n2.材料采购","m",26,224.4,5834.4]
[null,60,"C40高强度灌浆料（材料费）","01C063","[项目特征]\n1.材料名称:C40高强度灌浆料\n2.其他:满足设计、规范及比选人要求\n[工作内容]\n1.材料运输\n2.材料采购","t",12.4,1070,13268]
[null,"不含税总价",{"$nulls":5},1435903.96]
[null,"税金（税率：         ）"]
[null,"含税总价"]